Felicitación al nuevo gobernador civil de Barcelona
Publicado:
San Jorge, núm. 76 (4t trimestre 1969), pàg. 67 :
Materias:
Pelayo Ros, Tomás
MARC
| LEADER | 00000nam a2200000Ia 4500 | ||
|---|---|---|---|
| 001 | |||
| 008 | 160829s9999 xx 000 0 cat d | ||
| 245 | |a Felicitación al nuevo gobernador civil de Barcelona | ||
| 260 | |a San Jorge, núm. 76 (4t trimestre 1969), pàg. 67 | ||
| 650 | |a Pelayo Ros, Tomás |9 41943 | ||
| 901 | |a Arxiu | ||
| 942 | |n 1 | ||
| 952 | |0 0 |1 0 |4 0 |7 1 |9 49673 |a Arxiu |b Arxiu |d 2016-12-01 |l 0 |r 2016-12-01 00:00:00 |w 2016-12-01 |y ARXIU | ||
| 999 | |c 53515 |d 53515 | ||